000 00189 a2200085 4500
020 _a 9788997079803
100 _a DMP
245 _aInterior Series: Cafe Vol 1
260 _b Design Media
_c 2020
999 _c13486
_d13486